书目信息 |
| 题名: |
化工原理习题精解
|
|
| 作者: | 何潮洪 编 | |
| 分册: | 下册 | |
| 出版信息: | 北京 科学出版社 2004.07 |
|
| 页数: | 258页 | |
| 开本: | 24cm | |
| 丛书名: | 科学版习题精解系列 | |
| 单 册: | ||
| 中图分类: | TQ02-44 | |
| 科图分类: | ||
| 主题词: | 化工原理--高等学校--解题 | |
| 电子资源: | ||
| ISBN: | 7-03-009540-5 | |
| 000 | 00724nam0 2200253 450 | |
| 001 | 0100002576 | |
| 005 | 20210407093335.00 | |
| 010 | @a7-03-009540-5@dCNY 22.00 | |
| 100 | @a20050512d2004 em y0chiy0121 ea | |
| 101 | 0 | @achi |
| 102 | @aCN@b110000 | |
| 105 | @ay z 000yy | |
| 200 | 1 | @a化工原理习题精解@Ahua gong yuan li xi ti jing jie@h下册@f何潮洪等编 |
| 210 | @a北京@c科学出版社@d2004.07 | |
| 215 | @a258页@d24cm | |
| 225 | 2 | @a科学版习题精解系列 |
| 410 | 0 | @12001 @a科学版习题精解系列 |
| 606 | 0 | @a化工原理@x高等学校@x解题 |
| 690 | @aTQ02-44@v4 | |
| 701 | 0 | @a何潮洪@Ahe chao hong @4编 |
| 801 | 0 | @aCN@bBUPTL@c20050512 |
| 905 | @a10447@dTQ02-44@eH160:2 | |
| 906 | @dCNY22.00@n0@r1 | |
| 999 | @acx@ezmd0 | |
| 化工原理习题精解.下册/何潮洪等编.-北京:科学出版社,2004.07 |
| 258页;24cm.-(科学版习题精解系列) |
| ISBN 7-03-009540-5:CNY 22.00 |
| ● |
| 相关链接 |
|
|
|
正题名:化工原理习题精解
索取号:TQ02-44/H160:2
 
预约/预借
| 序号 | 登录号 | 条形码 | 馆藏地/架位号 | 状态 | 备注 |
| 1 | 1504839 | 215048393 | 期刊室512/ [索取号:TQ02-44/H160:2] | 在馆 | |
| 2 | 539203 | 205392038 | 自科库501/201建筑库 33排2列4层/ [索取号:TQ02-44/H160:2] | 在馆 | |
| 3 | 539204 | 205392047 | 自科库501/501自科库 137排8列2层/ [索取号:TQ02-44/H160:2] | 在馆 | |
| 4 | 539205 | 205392056 | 自科库501/501自科库 137排8列2层/ [索取号:TQ02-44/H160:2] | 在馆 |